KOSMOS, GESELLSCHAFT, RELIGION. ZOROASTRISCHE UND MANICHÄISCHE SOZIALORDNUNGSDISKURSE IN DER LANGEN SPÄTANTIKE [COSMOS, SOCIETY, RELIGION: ZOROASTRIAN AND MANICHEAN DISCOURSES ON SOCIAL ORDER IN LONG LATE ANTIQUITY]. By Moritz Maurer. Religionsgeschichtliche Versuche und Vorarbeiten, 80. Berlin and Boston: Walter de Gruyter, 2024. Pp. xvi + 446. Hardback, €119.95

Saved in:  
Bibliographic Details
Main Author: Peschl, Benedikt (Author)
Format: Electronic Review
Language:English
Check availability: HBZ Gateway
Interlibrary Loan:Interlibrary Loan for the Fachinformationsdienste (Specialized Information Services in Germany)
Published: 2025
In: Religious studies review
Year: 2025, Volume: 51, Issue: 1, Pages: 163-164
Further subjects:B Book review
Online Access: Volltext (lizenzpflichtig)
Volltext (lizenzpflichtig)

MARC

LEADER 00000caa a22000002c 4500
001 1927220327
003 DE-627
005 20250603054814.0
007 cr uuu---uuuuu
008 250602s2025 xx |||||oo 00| ||eng c
024 7 |a 10.1111/rsr.17719  |2 doi 
035 |a (DE-627)1927220327 
035 |a (DE-599)KXP1927220327 
040 |a DE-627  |b ger  |c DE-627  |e rda 
041 |a eng 
084 |a 0  |2 ssgn 
100 1 |e VerfasserIn  |0 (DE-588)1352972379  |0 (DE-627)1914076885  |4 aut  |a Peschl, Benedikt 
109 |a Peschl, Benedikt  |a Peschl, Benedikt Thomas 
245 1 0 |a KOSMOS, GESELLSCHAFT, RELIGION. ZOROASTRISCHE UND MANICHÄISCHE SOZIALORDNUNGSDISKURSE IN DER LANGEN SPÄTANTIKE [COSMOS, SOCIETY, RELIGION: ZOROASTRIAN AND MANICHEAN DISCOURSES ON SOCIAL ORDER IN LONG LATE ANTIQUITY]. By Moritz Maurer. Religionsgeschichtliche Versuche und Vorarbeiten, 80. Berlin and Boston: Walter de Gruyter, 2024. Pp. xvi + 446. Hardback, €119.95 
264 1 |c 2025 
336 |a Text  |b txt  |2 rdacontent 
337 |a Computermedien  |b c  |2 rdamedia 
338 |a Online-Ressource  |b cr  |2 rdacarrier 
601 |a Gesellschaft 
601 |a Religion 
601 |a Manichäisch 
601 |a Spätantike 
601 |a Versuchung 
655 7 |a Rezension  |0 (DE-588)4049712-4  |0 (DE-627)106186019  |0 (DE-576)209083166  |2 gnd-content 
773 0 8 |i Enthalten in  |t Religious studies review  |d Houston : Rice University, Department of Religion, 1975  |g 51(2025), 1, Seite 163-164  |h Online-Ressource  |w (DE-627)506715639  |w (DE-600)2218705-4  |w (DE-576)256620695  |x 1748-0922  |7 nnas 
773 1 8 |g volume:51  |g year:2025  |g number:1  |g pages:163-164 
856 4 0 |u https://doi.org/10.1111/rsr.17719  |x Resolving-System  |z lizenzpflichtig  |3 Volltext  |7 1 
856 4 0 |u https://onlinelibrary.wiley.com/doi/abs/10.1111/rsr.17719  |x Verlag  |z lizenzpflichtig  |3 Volltext  |7 1 
935 |a mteo 
951 |a AR 
ELC |a 1 
ITA |a 1  |t 1 
LOK |0 000 xxxxxcx a22 zn 4500 
LOK |0 001 4729672844 
LOK |0 003 DE-627 
LOK |0 004 1927220327 
LOK |0 005 20250602055510 
LOK |0 008 250602||||||||||||||||ger||||||| 
LOK |0 035   |a (DE-Tue135)IxTheo#2025-06-01#C690E73F242C48D0F2464B479D6D303D6DFA0B00 
LOK |0 040   |a DE-Tue135  |c DE-627  |d DE-Tue135 
LOK |0 092   |o n 
LOK |0 852   |a DE-Tue135 
LOK |0 852 1  |9 00 
LOK |0 935   |a ixzs  |a zota 
LOK |0 939   |a 02-06-25  |b l01 
ORI |a SA-MARC-ixtheoa001.raw 
REL |a 1 
SUB |a REL